Normal view
MARC view
Entry Topical Term
001 - CONTROL NUMBER
- control field: 41344
003 - CONTROL NUMBER IDENTIFIER
- control field: OSt
005 - DATE AND TIME OF LATEST TRANSACTION
- control field: 20231030120541.0
008 - FIXED-LENGTH DATA ELEMENTS
- fixed length control field: 231030|| aca||aabn | a|a d
040 ## - CATALOGING SOURCE
- Original cataloging agency: OSt
- Transcribing agency: OSt
150 ## - HEADING--TOPICAL TERM
- Topical term or geographic name entry element: Scheduled tribes, National tribal policy, Schemes, Policies, Forest rights Act, STs, Socio-economic status, India.
670 ## - SOURCE DATA FOUND
- Source citation: Work cat.: (OSt): Shirisha, Veeragoni 41343, Government policy for wellbeing of tribes in India: A review of the post 2014 period
